[Event "EU-ch (Women) 24th"]
[Site "Rhodes"]
[Date "2024.04.25"]
[Round "6"]
[White "Zvereva, Margarita"]
[Black "Hakimifard, Ghazal"]
[Result "1-0"]
[WhiteElo "2049"]
[BlackElo "2253"]
[PlyCount "87"]
[EventDate "2024.04.19"]
[EventType "swiss"]
[EventRounds "10"]
[EventCountry "GRE"]
[SourceTitle "CB18_2024"]
[SourceDate "2024.05.01"]
[SourceVersion "1"]
[SourceVersionDate "2024.05.01"]
[SourceQuality "2"]

1. e4 c5 2. Nf3 e6 3. g3 Nc6 4. Bg2 Nf6 5. d3 d5 6. Qe2 Be7 7. e5 Nd7 8. c4 dxc4 9. dxc4 Qc7 10. Bf4 Nd4 11. Nxd4 cxd4 12. h4 d3 13. Qe4 Qa5+ 14. Nc3 Nc5 15. Qe3 Na4 16. Qd2 Bb4 17. Rc1 0-0 18. 0-0 Rd8 19. h5 Rb8 20. h6 g6 21. Bg5 Rd4 22. a3 Bxc3 23. bxc3 Rxc4 24. Qxd3 b5 25. Bd8 Nb2 26. Qd6 Qa6 27. Qe7 Bd7 28. Qxd7 Qxa3 29. Be7 Qa5 30. Bd6 Qd8 31. Qxa7 Rbc8 32. Rb1 Na4 33. Qe3 Nxc3 34. Ra1 b4 35. Bb7 Nd5 36. Bxd5 exd5 37. Qf3 Rc3 38. Qxd5 Qg5 39. Kg2 b3 40. Ra7 Qf5 41. Ra8 b2 42. Rxc8+ Rxc8 43. Qb7 Qc2 44. e6 1-0

[Event "EU-ch (Women) 24th"]
[Site "Rhodes"]
[Date "2024.04.21"]
[Round "3"]
[White "Hryzlova, Sofiia"]
[Black "Zvereva, Margarita"]
[Result "1-0"]
[WhiteElo "2251"]
[BlackElo "2049"]
[PlyCount "111"]
[EventDate "2024.04.19"]
[EventType "swiss"]
[EventRounds "10"]
[EventCountry "GRE"]
[SourceTitle "CB18_2024"]
[SourceDate "2024.05.01"]
[SourceVersion "1"]
[SourceVersionDate "2024.05.01"]
[SourceQuality "2"]

1. d4 Nf6 2. c4 e6 3. Nf3 c5 4. d5 exd5 5. cxd5 d6 6. Nc3 g6 7. Bf4 Bg7 8. h3 0-0 9. e3 Ne8 10. Be2 Nd7 11. Nd2 Ne5 12. Bg3 f5 13. 0-0 a6 14. a4 b6 15. Qc2 Rb8 16. Rab1 Bb7 17. f4 Nf7 18. Bc4 Nc7 19. Qd3 Qd7 20. e4 Bc8 21. b4 b5 22. axb5 axb5 23. Nxb5 cxb4 24. Rxb4 Na6 25. Rbb1 Nc5 26. Qe3 fxe4 27. Nd4 Rxb1 28. Rxb1 Nh6 29. Bf2 Nf5 30. Nxf5 gxf5 31. Qa3 Qc7 32. Rc1 Kh8 33. Ba2 Qd7 34. Nc4 Nd3 35. Rd1 Nxf2 36. Kxf2 Rd8 37. Ne3 Qe7 38. g3 Qf6 39. Bc4 Bd7 40. Be2 Rc8 41. Qa7 Be8 42. Qb7 Rd8 43. Rc1 Bg6 44. Rc7 Qb2 45. Qxb2 Bxb2 46. Nc2 Rb8 47. Rc6 Be8 48. Rxd6 Ba4 49. Bd1 Rc8 50. Ne3 Bxd1 51. Nxd1 Bd4+ 52. Ke1 Rc2 53. Rc6 Rg2 54. d6 Rxg3 55. d7 Rg8 56. Rd6 1-0

[Event "Astana Zhuldyzdary op-A"]
[Site "Astana"]
[Date "2023.07.18"]
[Round "10"]
[White "Bizhigitov, Zhangir"]
[Black "Zvereva, Margarita"]
[Result "1-0"]
[WhiteElo "2255"]
[BlackElo "1857"]
[PlyCount "191"]
[EventDate "2023.07.11"]
[EventType "swiss"]
[EventRounds "10"]
[EventCountry "KAZ"]
[SourceTitle "EXT 2024"]
[Source "ChessBase"]
[SourceDate "2023.10.10"]
[SourceVersion "1"]
[SourceVersionDate "2023.10.10"]
[SourceQuality "1"]

1. d4 Nf6 2. Nf3 d5 3. Bf4 e6 4. e3 c5 5. Nbd2 Nc6 6. c3 Bd6 7. Bg3 0-0 8. Bd3 c4 9. Bc2 Qc7 10. e4 dxe4 11. Nxe4 Nxe4 12. Bxe4 f5 13. Bxd6 Qxd6 14. Bc2 b5 15. Qe2 Bb7 16. 0-0 Qd5 17. b3 Rf6 18. bxc4 bxc4 19. Rfb1 Ne7 20. Qe5 Ng6 21. Qxd5 Bxd5 22. Bd1 Rff8 23. Rb5 Rab8 24. Rab1 Rxb5 25. Rxb5 Rf7 26. Ng5 Rd7 27. Bf3 h6 28. Rb8+ Nf8 29. Bxd5 exd5 30. Ne6 Re7 31. Rxf8+ Kh7 32. Rxf5 Rxe6 33. g3 Re1+ 34. Kg2 Rc1 35. Rxd5 Rxc3 36. Ra5 Rd3 37. Rxa7 Rxd4 38. Rc7 Rd2 39. a4 Rc2 40. a5 Ra2 41. Rxc4 Rxa5 42. Rc6 h5 43. f4 Ra2+ 44. Kh3 Rf2 45. Rb6 Ra2 46. Rb5 Kh6 47. Rb4 Rc2 48. Rb6+ Kh7 49. Re6 Ra2 50. Re3 Rf2 51. Re4 Kh6 52. Rd4 Ra2 53. Rc4 Rb2 54. Rc6+ Kh7 55. Ra6 Rf2 56. Rb6 Ra2 57. Rb4 Kh6 58. Rb6+ Kh7 59. Rb1 Rf2 60. Rg1 Kh6 61. Rg2 Rf1 62. Ra2 g6 63. Kh4 Rb1 64. Ra5 Rb2 65. h3 Rf2 66. Ra6 Rf1 67. Rf6 Rf2 68. Rf7 Rf1 69. Re7 Rh1 70. Re3 Rf1 71. Re4 Rh1 72. Ra4 Rh2 73. Ra8 Kg7 74. Ra6 Kf7 75. Rb6 Rg2 76. g4 hxg4 77. hxg4 Ra2 78. Kg5 Ra5+ 79. Kh6 Ra4 80. Rb7+ Kf8 81. Kxg6 Rxf4 82. Rb8+ Ke7 83. g5 Rg4 84. Rg8 Rg1 85. Kh7 Rh1+ 86. Kg7 Rg1 87. g6 Rh1 88. Rf8 Rg1 89. Rf2 Re1 90. Kh7 Rh1+ 91. Kg8 Rg1 92. g7 Rg3 93. Re2+ Kd6 94. Rh2 Ke7 95. Kh8 Kf7 96. Rf2+ 1-0

[Event "Astana Zhuldyzdary op-A"]
[Site "Astana"]
[Date "2023.07.15"]
[Round "6"]
[White "Danielyan, Vahe"]
[Black "Zvereva, Margarita"]
[Result "0-1"]
[WhiteElo "2346"]
[BlackElo "1857"]
[PlyCount "84"]
[EventDate "2023.07.11"]
[EventType "swiss"]
[EventRounds "10"]
[EventCountry "KAZ"]
[SourceTitle "CBM 215 Extra"]
[Source "ChessBase"]
[SourceDate "2023.09.30"]
[SourceVersion "1"]
[SourceVersionDate "2023.09.30"]
[SourceQuality "1"]

1. e4 c5 2. Nf3 d6 3. d4 cxd4 4. Nxd4 Nf6 5. Nc3 a6 6. Nb3 Qc7 7. Bg5 Nbd7 8. Qd2 e6 9. f4 Be7 10. Bd3 b6 11. 0-0-0 Bb7 12. Rhe1 Rc8 13. Kb1 b5 14. Nd4 b4 15. Nd5 exd5 16. exd5 g6 17. Bf5 Kd8 18. Rxe7 Kxe7 19. Re1+ Kf8 20. Bxd7 Nxd7 21. Bh6+ Kg8 22. g4 Nf6 23. Nf5 Nxd5 24. Qe2 Bc6 25. Qd2 f6 26. Nd4 Kf7 27. f5 Rhe8 28. Ne6 Qb7 29. h4 Bd7 30. h5 gxf5 31. gxf5 Bxe6 32. Rg1 Rg8 33. fxe6+ Ke7 34. Rc1 Qb5 35. Qd4 Qc4 36. Qf2 Qg4 37. Qd2 Qf3 38. Qd4 Rg2 39. Qa7+ Nc7 40. a4 Qe4 41. Be3 Kxe6 42. Bb6 Nb5 0-1

[Event "Astana Zhuldyzdary op-A"]
[Site "Astana"]
[Date "2023.07.12"]
[Round "2"]
[White "Zvereva, Margarita"]
[Black "Irgaliyev, Alikhan"]
[Result "0-1"]
[WhiteElo "1857"]
[BlackElo "2082"]
[PlyCount "118"]
[EventDate "2023.07.11"]
[EventType "swiss"]
[EventRounds "10"]
[EventCountry "KAZ"]
[SourceTitle "CBM 215 Extra"]
[Source "ChessBase"]
[SourceDate "2023.09.30"]
[SourceVersion "1"]
[SourceVersionDate "2023.09.30"]
[SourceQuality "1"]

1. d4 Nf6 2. Nf3 e6 3. g3 c5 4. Bg2 cxd4 5. Nxd4 Be7 6. 0-0 0-0 7. c4 Nc6 8. Nc3 a6 9. b3 Qb6 10. Nf3 Rd8 11. e4 Qa5 12. Bb2 Ba3 13. Bxa3 Qxa3 14. Nd4 e5 15. Nc2 Qc5 16. Nd5 Nxd5 17. cxd5 Ne7 18. d6 Nc6 19. Rc1 b5 20. Qd5 Qxd5 21. exd5 Na5 22. Nb4 Nb7 23. Nd3 f6 24. Rc7 Nxd6 25. Rfc1 Ne8 26. R7c2 Kf8 27. Nc5 Nd6 28. Ne4 Ne8 29. d6 Rb8 30. g4 Bb7 31. Rc7 Bxe4 32. Bxe4 g6 33. Bb7 Nxd6 34. Bxa6 Ra8 35. Bb7 Rxa2 36. Rd1 Ke7 37. Bd5 Rc8 38. Rdc1 Rxc7 39. Rxc7 h5 40. gxh5 gxh5 41. Bc6 Rc2 42. Rxd7+ Ke6 43. Rc7 Rb2 44. Rh7 Rxb3 45. Rxh5 Rc3 46. Ba8 Rc8 47. Bf3 b4 48. Rh4 Rb8 49. Bd1 b3 50. Bxb3+ Rxb3 51. Ra4 e4 52. Ra1 Nf5 53. Ra4 Ke5 54. Ra6 Nh4 55. Kf1 Nf3 56. Kg2 Rb1 57. Ra8 Kf4 58. Rh8 Rg1+ 59. Kh3 Rg4 0-1

[Event "Novi Sad TS Mix 223rd"]
[Site "Novi Sad"]
[Date "2021.11.17"]
[Round "2"]
[White "Zvereva, Margarita"]
[Black "Isha, Sharma"]
[Result "0-1"]
[WhiteElo "2011"]
[BlackElo "2185"]
[PlyCount "92"]
[EventDate "2021.11.16"]
[EventType "swiss"]
[EventRounds "9"]
[EventCountry "SRB"]
[SourceTitle "CBM 205 Extra"]
[Source "ChessBase"]
[SourceDate "2022.01.31"]
[SourceVersion "1"]
[SourceVersionDate "2022.01.31"]
[SourceQuality "1"]

1. d4 Nf6 2. Nf3 g6 3. Nbd2 d5 4. b4 Bg7 5. e3 0-0 6. Be2 a5 7. b5 c5 8. bxc6 Nxc6 9. 0-0 Qc7 10. c4 e5 11. Ba3 Rd8 12. dxe5 Nxe5 13. Rc1 dxc4 14. Nxe5 Qxe5 15. Nxc4 Rxd1 16. Nxe5 Rxf1+ 17. Kxf1 Be6 18. Bc4 Nd5 19. Nf3 Rc8 20. Bb3 Rxc1+ 21. Bxc1 Nc3 22. Bxe6 fxe6 23. a3 a4 24. Nd4 Kf7 25. Ke1 Ke7 26. f3 Kd6 27. Bb2 Bxd4 28. exd4 Nb5 29. Kd2 Kd5 30. Kd3 Nd6 31. Bc3 Nf5 32. g3 Nd6 33. f4 Nb5 34. Bb2 h5 35. h3 Nd6 36. g4 Ne4 37. gxh5 gxh5 38. Ke3 Nd6 39. Kd3 Nb5 40. f5 exf5 41. Ke3 Nd6 42. Kf4 b5 43. Kg5 Ke4 44. Kxh5 f4 45. Kg4 f3 46. Kg3 Ke3 0-1

[Event "Riga Tech Rapid op"]
[Site "Riga"]
[Date "2021.08.08"]
[Round "8"]
[White "Zvereva, Margarita"]
[Black "Pidluznij, Gleb"]
[Result "0-1"]
[WhiteElo "2024"]
[BlackElo "2061"]
[PlyCount "78"]
[EventDate "2021.08.08"]
[EventType "swiss (rapid)"]
[EventRounds "9"]
[EventCountry "LAT"]
[SourceTitle "CBM 203 Extra"]
[Source "ChessBase"]
[SourceDate "2021.09.30"]
[SourceVersion "1"]
[SourceVersionDate "2021.09.30"]
[SourceQuality "1"]

1. d4 Nf6 2. Nf3 g6 3. Nbd2 c5 4. e3 Bg7 5. Bd3 0-0 6. 0-0 d6 7. c4 cxd4 8. Nxd4 e5 9. Nb5 d5 10. cxd5 Nxd5 11. Nb3 a6 12. Na3 Nb4 13. Be2 Qe7 14. Bd2 Be6 15. Bc4 Bxc4 16. Nxc4 N8c6 17. Bc3 Rfd8 18. Qe2 e4 19. Bxg7 Kxg7 20. f3 f5 21. fxe4 Qxe4 22. a3 Nd3 23. Ncd2 Qe6 24. Rab1 Rd7 25. Nc1 Rad8 26. Nf3 Nc5 27. b4 Ne4 28. Qb2+ Qf6 29. Nb3 Qxb2 30. Rxb2 Rd3 31. Nfd4 Nxd4 32. exd4 Kf6 33. Rc1 h5 34. h3 h4 35. a4 g5 36. Nc5 R3xd4 37. Nxb7 Rd1+ 38. Rxd1 Rxd1+ 39. Kh2 Ng3 0-1

[Event "Moscow-ch Final (Women)"]
[Site "Moscow"]
[Date "2021.03.28"]
[Round "4"]
[White "Zvereva, Margarita"]
[Black "Charochkina, Daria"]
[Result "1/2-1/2"]
[WhiteElo "1951"]
[BlackElo "2337"]
[PlyCount "135"]
[EventDate "2021.03.25"]
[EventType "swiss"]
[EventRounds "9"]
[EventCountry "RUS"]
[SourceTitle "CBM 202 Extra"]
[Source "ChessBase"]
[SourceDate "2021.07.31"]
[SourceVersion "1"]
[SourceVersionDate "2021.07.31"]
[SourceQuality "1"]

1. d4 Nf6 2. Nf3 e6 3. e3 g6 4. Bd3 Bg7 5. 0-0 0-0 6. c4 c5 7. Nc3 cxd4 8. Nxd4 Nc6 9. Ndb5 Ne8 10. Be2 Qe7 11. Ne4 f5 12. Ned6 Nxd6 13. Nxd6 Nd4 14. Nxc8 Nxe2+ 15. Qxe2 Raxc8 16. Rb1 d5 17. b3 dxc4 18. bxc4 b6 19. Bb2 e5 20. Rbc1 Rfd8 21. Rfd1 Qe6 22. Rxd8+ Rxd8 23. h3 Rc8 24. Ba3 h5 25. c5 bxc5 26. Rxc5 Rb8 27. Qc2 Qa6 28. Qc4+ Qxc4 29. Rxc4 Rb1+ 30. Kh2 Ra1 31. Rc8+ Kh7 32. Rc7 Kh6 33. Rxa7 Rxa2 34. f3 h4 35. Bc5 Re2 36. Kg1 Rc2 37. Be7 Rc4 38. Bg5+ Kxg5 39. Rxg7 Rc1+ 40. Kf2 Rc2+ 41. Kf1 Kf6 42. Rg8 Ra2 43. Re8 Ra6 44. Kf2 Ra2+ 45. Kf1 Ra7 46. Kf2 Rg7 47. Rh8 g5 48. Re8 Re7 49. Rg8 e4 50. fxe4 Rxe4 51. Rf8+ Kg6 52. Rg8+ Kf6 53. Rf8+ Ke5 54. Re8+ Kd5 55. Rf8 Ke6 56. Rh8 Ra4 57. Rg8 g4 58. hxg4 fxg4 59. Rh8 Ra2+ 60. Kf1 Ra1+ 61. Ke2 Rh1 62. Re8+ Kf7 63. Ra8 Rb1 64. Ra7+ Kf6 65. Ra6+ Kf5 66. Ra5+ Kg6 67. Ra6+ Kg5 68. Ra5+ 1/2-1/2

[Event "Moscow-ch Final (Women)"]
[Site "Moscow"]
[Date "2021.03.27"]
[Round "3"]
[White "Zherebtsova, Alexandra"]
[Black "Zvereva, Margarita"]
[Result "1/2-1/2"]
[WhiteElo "2177"]
[BlackElo "1951"]
[PlyCount "186"]
[EventDate "2021.03.25"]
[EventType "swiss"]
[EventRounds "9"]
[EventCountry "RUS"]
[SourceTitle "CBM 202 Extra"]
[Source "ChessBase"]
[SourceDate "2021.07.31"]
[SourceVersion "1"]
[SourceVersionDate "2021.07.31"]
[SourceQuality "1"]

1. d4 d5 2. Nf3 Nf6 3. g3 e6 4. Bg2 Be7 5. 0-0 0-0 6. c4 c6 7. Nc3 b6 8. Qd3 Ba6 9. b3 Nbd7 10. Rd1 Qc7 11. e4 dxc4 12. Qc2 cxb3 13. axb3 Qc8 14. Ba3 Bxa3 15. Rxa3 Bb7 16. e5 Nd5 17. Ng5 g6 18. Nce4 Qd8 19. Qd2 c5 20. Nd6 Bc6 21. h4 Qe7 22. Nge4 f6 23. exf6 N7xf6 24. dxc5 Nxe4 25. Nxe4 bxc5 26. Qg5 Qg7 27. Qg4 Rae8 28. Ra6 Nb4 29. Ra5 Bxe4 30. Qxe4 Nd5 31. Qc2 Qc3 32. Rxc5 Qxc2 33. Rxc2 Rb8 34. Bxd5 exd5 35. Rxd5 Rxb3 36. Rd7 Rf7 37. Rxf7 Kxf7 38. Rc7+ Kg8 39. Rxa7 Rb5 40. Kg2 Rf5 41. g4 Rb5 42. Kg3 h5 43. g5 Rf5 44. Re7 Ra5 45. Re4 Kg7 46. Rf4 Ra3+ 47. f3 Ra2 48. Re4 Ra3 49. Kf4 Ra5 50. Re7+ Kf8 51. Re6 Kf7 52. Re5 Ra4+ 53. Re4 Ra5 54. Rb4 Kg7 55. Rd4 Kf7 56. Ke4 Ke6 57. Rb4 Kf7 58. Rb7+ Kf8 59. Rd7 Ra4+ 60. Rd4 Ra5 61. f4 Ke7 62. Rc4 Rb5 63. Rc7+ Kf8 64. Rd7 Rb4+ 65. Rd4 Rb5 66. Rd5 Rb4+ 67. Ke5 Kf7 68. Rd7+ Kg8 69. f5 gxf5 70. Kf6 Rb6+ 71. Kxf5 Ra6 72. g6 Ra5+ 73. Kf6 Ra6+ 74. Kg5 Ra5+ 75. Kh6 Ra8 76. Kxh5 Ra5+ 77. Kh6 Ra8 78. h5 Rb8 79. Re7 Ra8 80. Kg5 Rf8 81. h6 Ra8 82. Kf6 Ra6+ 83. Re6 Ra8 84. g7 Kh7 85. Re7 Kxh6 86. Kf7 Kh7 87. Rb7 Rg8 88. Kf6 Ra8 89. Rb3 Ra6+ 90. Kf7 Ra7+ 91. Kf8 Ra8+ 92. Kf7 Ra7+ 93. Kf8 Ra8+ 1/2-1/2

[Event "Moscow op (Women) 17th"]
[Site "Moscow"]
[Date "2021.02.28"]
[Round "9"]
[White "Zvereva, Margarita"]
[Black "Zeliantsova, Kseniya"]
[Result "0-1"]
[WhiteElo "1937"]
[BlackElo "2166"]
[PlyCount "58"]
[EventDate "2021.02.20"]
[EventType "swiss"]
[EventRounds "9"]
[EventCountry "RUS"]
[SourceTitle "EXT 2022"]
[Source "ChessBase"]
[SourceDate "2021.10.06"]
[SourceVersion "1"]
[SourceVersionDate "2021.10.06"]
[SourceQuality "1"]

1. e4 c5 2. Nf3 Nc6 3. d4 cxd4 4. Nxd4 g6 5. Nc3 Bg7 6. Be3 Nf6 7. Bc4 d6 8. f3 0-0 9. Qd2 Bd7 10. h4 Rc8 11. Bb3 h5 12. 0-0-0 Ne5 13. Kb1 Nc4 14. Bxc4 Rxc4 15. g4 hxg4 16. h5 Nxh5 17. Rdg1 e5 18. Nb3 Nf4 19. Ne2 gxf3 20. Ng3 Qf6 21. Qh2 Rfc8 22. c3 d5 23. Nd2 Ra4 24. Nxf3 dxe4 25. Nd2 Qa6 26. Bxf4 exf4 27. Qh7+ Kf8 28. Nh5 Qd3+ 29. Ka1 Bxc3 0-1

[Event "Moscow op (Women) 17th"]
[Site "Moscow"]
[Date "2021.02.27"]
[Round "8"]
[White "Akulova, Taisiya"]
[Black "Zvereva, Margarita"]
[Result "0-1"]
[WhiteElo "1833"]
[BlackElo "1937"]
[PlyCount "106"]
[EventDate "2021.02.20"]
[EventType "swiss"]
[EventRounds "9"]
[EventCountry "RUS"]
[SourceTitle "CBM 200 Extra"]
[Source "ChessBase"]
[SourceDate "2021.03.31"]
[SourceVersion "1"]
[SourceVersionDate "2021.03.31"]
[SourceQuality "1"]

1. d4 Nf6 2. c4 e6 3. Nf3 d5 4. cxd5 exd5 5. Nc3 c6 6. Bg5 Be7 7. e3 0-0 8. Bd3 h6 9. Bh4 Ne4 10. Bxe7 Qxe7 11. Nd2 Nxd2 12. Qxd2 Nd7 13. h3 Nf6 14. g4 Ne4 15. Bxe4 dxe4 16. 0-0-0 Be6 17. Rhg1 Bd5 18. f4 exf3 19. e4 Be6 20. g5 h5 21. Qf4 g6 22. Qxf3 Qb4 23. d5 cxd5 24. Nxd5 Bxd5 25. exd5 Rfd8 26. Rgf1 Rd7 27. Rd3 Re8 28. Rfd1 Rd6 29. Rd4 Qb5 30. Kb1 Re5 31. h4 Qa5 32. Re4 Rexd5 33. Re8+ Kg7 34. Rc1 Re5 35. Rxe5 Qxe5 36. Qxb7 Rb6 37. Qg2 Qd6 38. Rf1 Qd3+ 39. Ka1 Rc6 40. Qf2 Qc4 41. a3 Rb6 42. Rd1 Qe6 43. Qd4+ Kh7 44. Rf1 Qe7 45. Rc1 Re6 46. Rc4 Re1+ 47. Ka2 Qe6 48. Qf4 Rg1 49. Kb3 Rg4 50. Qc7 Rxh4 51. a4 Qxc4+ 52. Qxc4 Rxc4 53. Kxc4 h4 0-1

[Event "Titled Tuesday intern op 22nd Dec"]
[Site "Chess.com INT"]
[Date "2020.12.22"]
[Round "4"]
[White "Degenbaev, Aziz"]
[Black "Zvereva, Margarita"]
[Result "1-0"]
[WhiteElo "1816"]
[BlackElo "1937"]
[PlyCount "97"]
[EventDate "2020.12.22"]
[EventType "swiss (blitz)"]
[EventRounds "11"]
[EventCountry "USA"]
[SourceTitle "CBM 199 Extra"]
[Source "ChessBase"]
[SourceDate "2021.01.31"]
[SourceVersion "1"]
[SourceVersionDate "2021.01.31"]
[SourceQuality "1"]

1. c4 e6 2. Nc3 d5 3. d4 Nf6 4. cxd5 exd5 5. Bg5 Be7 6. e3 c6 7. Bd3 0-0 8. Qc2 Nbd7 9. Nge2 h6 10. Bh4 Re8 11. 0-0 Ne4 12. Bxe7 Qxe7 13. Bxe4 dxe4 14. d5 Nc5 15. Nf4 Bf5 16. Rad1 Red8 17. Nce2 cxd5 18. Nxd5 Qf8 19. Nef4 Rac8 20. Qe2 Nd3 21. Qh5 Nxf4 22. Nxf4 Bd7 23. Qe5 Bc6 24. a3 Re8 25. Qf5 Rcd8 26. b4 a6 27. h3 Qe7 28. Ne2 Bb5 29. Rxd8 Qxd8 30. Qg4 Qd2 31. Nd4 Bxf1 32. Nf5 Qb2 33. Nxh6+ Kh7 34. Nxf7 Bc4 35. Qh5+ Kg8 36. Ng5 Qa1+ 37. Kh2 Qe5+ 38. g3 Qf5 39. Qxe8+ Qf8 40. Qxf8+ Kxf8 41. Nxe4 Bd5 42. Nc3 Bc6 43. g4 Ke7 44. Kg3 Kd6 45. Kf4 Bg2 46. h4 Ke6 47. Kg5 Ke5 48. Kg6 Bf3 49. g5 1-0

[Event "Titled Tuesday intern op 22nd Dec"]
[Site "Chess.com INT"]
[Date "2020.12.22"]
[Round "10"]
[White "Smietanska, Wiktoria"]
[Black "Zvereva, Margarita"]
[Result "1/2-1/2"]
[WhiteElo "2013"]
[BlackElo "1937"]
[PlyCount "157"]
[EventDate "2020.12.22"]
[EventType "swiss (blitz)"]
[EventRounds "11"]
[EventCountry "USA"]
[SourceTitle "CBM 199 Extra"]
[Source "ChessBase"]
[SourceDate "2021.01.31"]
[SourceVersion "1"]
[SourceVersionDate "2021.01.31"]
[SourceQuality "1"]

1. c4 e6 2. Nc3 d5 3. d4 Nf6 4. cxd5 exd5 5. Bg5 Be7 6. e3 c6 7. Bd3 0-0 8. Qc2 Nbd7 9. Nge2 h6 10. Bh4 Re8 11. 0-0 Ne4 12. Bg3 Nxg3 13. Nxg3 Nf6 14. Rae1 Bd6 15. Nf5 Bxf5 16. Bxf5 Qc7 17. h3 Re7 18. e4 dxe4 19. Nxe4 Nxe4 20. Bxe4 Rae8 21. Re3 Bf4 22. Re2 Qd6 23. Rfe1 Kh8 24. g3 Bg5 25. h4 Bf6 26. d5 cxd5 27. Bd3 Rxe2 28. Rxe2 Rxe2 29. Qxe2 Qd7 30. Bc2 g6 31. h5 Kg7 32. hxg6 fxg6 33. Qd3 Qf7 34. Bb3 Bxb2 35. Bxd5 Qd7 36. Qb3 Bf6 37. Qxb7 Qxb7 38. Bxb7 Kf7 39. Bd5+ Ke7 40. f4 Kd6 41. Bf7 g5 42. Kg2 Kc5 43. Kf3 Kd4 44. Kg4 gxf4 45. gxf4 Ke4 46. f5 Ke5 47. Be6 Bg5 48. Kh5 Kf6 49. a4 a5 50. Bd7 Ke5 51. Kg4 Kd6 52. Be6 Kc5 53. Kh5 Kb4 54. Bd7 Kc5 55. Kg6 Kd6 56. Bb5 Ke5 57. Bc6 Kd6 58. Bb5 Ke5 59. Be8 Be7 60. Kxh6 Bd8 61. Kg6 Be7 62. Bd7 Bd8 63. Kf7 Bg5 64. Ke8 Bd2 65. Be6 Bg5 66. Kf7 Bh4 67. Bd7 Bf6 68. Bb5 Bh4 69. Bd7 Bf6 70. Kg6 Bh4 71. Bb5 Bd8 72. Kf7 Bf6 73. Ke8 Bh4 74. Kd7 Bf6 75. Kc6 Kxf5 76. Kb6 Bc3 77. Ka6 Bb4 78. Kb6 Ke5 79. Kc6 1/2-1/2

[Event "Titled Tuesday intern op 22nd Dec"]
[Site "Chess.com INT"]
[Date "2020.12.22"]
[Round "2"]
[White "Zvereva, Margarita"]
[Black "Vovk, Orest"]
[Result "0-1"]
[WhiteElo "1937"]
[BlackElo "2315"]
[PlyCount "58"]
[EventDate "2020.12.22"]
[EventType "swiss (blitz)"]
[EventRounds "11"]
[EventCountry "USA"]
[SourceTitle "CBM 199 Extra"]
[Source "ChessBase"]
[SourceDate "2021.01.31"]
[SourceVersion "1"]
[SourceVersionDate "2021.01.31"]
[SourceQuality "1"]

1. e4 Nc6 2. Nf3 d5 3. exd5 Qxd5 4. Nc3 Qa5 5. d4 Bg4 6. Be2 0-0-0 7. Be3 Nf6 8. h3 Bxf3 9. Bxf3 Nxd4 10. Bxd4 e5 11. 0-0 exd4 12. Ne2 Bd6 13. g3 h5 14. Kg2 h4 15. Rh1 hxg3 16. fxg3 Rhe8 17. Qd3 Qg5 18. g4 Re3 19. Qf5+ Qxf5 20. gxf5 Be5 21. Rad1 c5 22. Rd3 c4 23. Rxe3 dxe3 24. b3 c3 25. Ng3 Rd2+ 26. Be2 Bxg3 27. Kxg3 Rxe2 28. Rd1 Rd2 29. Re1 e2 0-1

[Event "Wch FIDE Online U14 Girls Europe qual"]
[Site "Tornelo INT"]
[Date "2020.12.09"]
[Round "7"]
[White "Zvereva, Margarita"]
[Black "Mihelic, Vesna"]
[Result "1-0"]
[WhiteElo "1859"]
[BlackElo "1845"]
[PlyCount "55"]
[EventDate "2020.12.07"]
[EventType "swiss (rapid)"]
[EventRounds "7"]
[EventCountry "ISS"]
[SourceTitle "EXT 2022"]
[Source "ChessBase"]
[SourceDate "2021.10.06"]
[SourceVersion "1"]
[SourceVersionDate "2021.10.06"]
[SourceQuality "1"]

1. e4 e5 2. Nf3 Nc6 3. Bc4 Bc5 4. d3 Nf6 5. 0-0 d6 6. c3 0-0 7. h3 h6 8. a4 a6 9. Nbd2 Ne7 10. Re1 Ng6 11. Nf1 c6 12. d4 Ba7 13. Bb3 Qc7 14. Ng3 Re8 15. Qc2 Nf4 16. Bxf4 exf4 17. Nf5 d5 18. exd5 Rxe1+ 19. Rxe1 cxd5 20. Ne7+ Kf8 21. Nxd5 Nxd5 22. Bxd5 g6 23. Qb3 Bd7 24. Qb4+ Kg7 25. Re7 a5 26. Rxf7+ Kh8 27. Qe7 Bxd4 28. Rh7# 1-0